LEADER 01703nam a2200301 i 4500 001 000000051153 003 CaOOAMICUS 005 20251015090006.0 008 030922s1996 it u000 u ita u 013 $a22325 020 $a88-307-0621-3 040 $aSeMil$bita 100 1 $aCeresoli, Alfiero.$0(OLS)http://semarc/name/77015 245 10$aSpiritualitą missionaria di un sacerdote diocesano, Guido Maria Conforti :$bprimo Presidente della Pontificia Unione Missionaria. Vescovo e fondatore dei missionari saveriani /$cAlfiero Ceresoli. 260 $aBologna :$bEditrice Missionaria Italiana,$ccopyr. 1996. 300 $a127 p. ;$c19 cm. 490 0 $aSpiritualitą missionaria 500 $aIn centro al front. : Pontificie Opere Missionarie. - Sulla quarta di cop. : Edizione speciale per l'80. di fondazione della Pontificia Unione Missionaria dei sacerdoti, religiose/i e seminaristi. 600 14$aConforti, Guido Maria .$0(OLS)http://semarc/subject/10557 650 4$aMissioni - Spiritualitą.$0(OLS)http://semarc/subject/1730 830 0$aSpiritualitą missionaria.$0(OLS)http://semarc/title/367 850 $aSeMil 852 $aSeMil$W1$xVenegono$y1$m3E I 310$j17308$B17308$CSeMilBibl$Z2$F17309 $81 961 $aOmaggio: Martinelli don Romano 996 $6020$a88-307-0621-3$9(OLS)http://semarc/number/25181 996 $6245$aSpiritualitą missionaria di un sacerdote diocesano, Guido Maria Conforti :$bprimo Presidente della Pontificia Unione Missionaria. Vescovo e fondatore dei missionari saveriani$9(OLS)http://semarc/title/78276 996 $6260$aBologna :$bEditrice Missionaria Italiana$9(OLS)http://semarc/publisher/32722 LEADER 01273nam a2200253 i 4500 001 000000043488 003 CaOOAMICUS 005 20090818000000.0 008 090818s1970 it u000 u ita u 013 $a14658 040 $aSeMil$bita 100 1 $aLonergan, Bernard J. F.,$c.$0(OLS)http://semarc/name/2591 245 10$aGrazia e libertą :$bla grazia operante nel pensiero di S. Tommaso /$cBernard J. F. Lonergan ; a cura di Natalino Spaccapelo ; presentazione di Giovanni B. Sala. 260 $aRoma :$bUniversitą Gregoriana,$c1970. 300 $a216 p. ;$c22 cm. 650 4$aGrazia divina.$0(OLS)http://semarc/subject/229 650 4$aLibertą.$0(OLS)http://semarc/subject/2732 650 4$aGrazia - Concezione [di] Tommaso : d'Aquino.$0(OLS)http://semarc/subject/57317 700 1 $aSala, Giovanni B. .$0(OLS)http://semarc/name/17890 700 1 $aSpaccapelo, Natalino,$c.$0(OLS)http://semarc/name/19746 850 $aSeMil 852 $aSeMil$W1$xVenegono$y1$m2B II 314$j9643$B9643$CSeMilBibl$Z2$F9643 $81 996 $6245$aGrazia e libertą :$bla grazia operante nel pensiero di S. Tommaso$9(OLS)http://semarc/title/63923 996 $6260$aRoma :$bUniversitą Gregoriana$9(OLS)http://semarc/publisher/31479